Teachers for rural schools experiences in Lesotho, Malawi, Mozambique, Tanzania, and Uganda
Gespeichert in:
| Weitere Verfasser: | , |
|---|---|
| Format: | Buch |
| Sprache: | Englisch |
| Veröffentlicht: |
Washington, D.C.
<The> World Bank
2008
|
| Schriftenreihe: | Africa human development series
|
| Schlagworte: | |
| Tags: |
Keine Tags, Fügen Sie das erste Tag hinzu!
|
MARC
| LEADER | 00000nam$a2200000$$$4500 | ||
|---|---|---|---|
| 001 | 0078135 | ||
| 005 | 20240315115734.5 | ||
| 020 | |a 978-0-8213-7479-5 | ||
| 041 | 0 | |a eng | |
| 044 | |a US | ||
| 245 | 1 | 0 | |a Teachers for rural schools |b experiences in Lesotho, Malawi, Mozambique, Tanzania, and Uganda |c Aidan Mulkeen and Dandan Chen, Editors |
| 264 | 1 | |a Washington, D.C. |b <The> World Bank |c 2008 | |
| 300 | |a 119 s. | ||
| 490 | 1 | |a Africa human development series | |
| 830 | 0 | |a Africa human development series | |
| 610 | 2 | 0 | |a školy |
| 610 | 2 | 0 | |a vyučovanie |
| 610 | 2 | 0 | |a vzdelávanie |
| 610 | 2 | 0 | |a kvalita |
| 610 | 2 | 0 | |a vidiek |
| 610 | 2 | 0 | |a učitelia |
| 610 | 2 | 0 | |a manažment |
| 610 | 2 | 0 | |a školy základné |
| 610 | 2 | 0 | |a deti |
| 610 | 2 | 0 | |a problémy spoločenské |
| 610 | 2 | 0 | |a porovnanie medzinárodné |
| 610 | 2 | 0 | |a Subsahara |
| 610 | 2 | 0 | |a Afrika |
| 700 | 1 | |a Mulkeen, Aidan | |
| 700 | 1 | |a Chen, Dandan | |